El proceso de industrialización en la argentina (Registro nro. 6742)

Detalles MARC
000 -LEADER
fixed length control field 01138 a2200217 4500
001 - CONTROL NUMBER
control field 59566
005 - DATE AND TIME OF LATEST TRANSACTION
control field 20260407155849.0
008 - FIXED-LENGTH DATA ELEMENTS--GENERAL INFORMATION
fixed length control field 260407a1989 arg spa d
003 - CONTROL NUMBER IDENTIFIER
control field AR-UNSa-BCEJYS
040 ## - CATALOGING SOURCE
Original cataloging agency AR-UNSa-BCEJYS
Language of cataloging spa
Transcribing agency AR-UNSa-BCEJYS
080 ## - UNIVERSAL DECIMAL CLASSIFICATION NUMBER
Universal Decimal Classification number 338.45
Common auxiliary subdivision Industria como sector económico. Producción comercial, industrial
020 ## - INTERNATIONAL STANDARD BOOK NUMBER
International Standard Book Number 950-25-1335-5
100 1# - MAIN ENTRY--PERSONAL NAME
Personal name Katz, Jorge
245 10 - TITLE STATEMENT
Title El proceso de industrialización en la argentina
Name of part/section of a work evolución, retoceso y perspectiva
264 #1 - PRODUCTION, PUBLICATION, DISTRIBUTION, MANUFACTURE, AND COPYRIGHT NOTICE
Place of production, publication, distribution, manufacture Buenos Aires :
Name of producer, publisher, distributor, manufacturer CEPAL
Date of production, publication, distribution, manufacture, or copyright notice 1989
300 ## - PHYSICAL DESCRIPTION
Extent 108 p.
Dimensions 21 cm.
505 ## - FORMATTED CONTENTS NOTE
Formatted contents note 1. Introducción. Los temas centrales de este estudio - 2. El modelo macroeconómico recibido - 3. Los instrumentos de política económica como determinantes del ritmo y la naturaleza del proceso de industrialización - 4. Las etapas de la industrialización argentina - 5. El patrón interindustrial de crecimiento y distribución del ingreso en las distintas etapas del desarrollo industrial argentino - 6. Reflexiones sobre prospectiva y política pública
590 ## - LOCAL NOTE (RLIN)
Local note niveau_biblio:m niveau_hierar:0
700 1# - ADDED ENTRY--PERSONAL NAME
Personal name Kosacoff, Bernardo
942 ## - ADDED ENTRY ELEMENTS (KOHA)
Koha item type
Existencias
Withdrawn status Lost status Damaged status Not for loan Home library Current library Shelving location Date acquired Total checkouts Full call number Barcode Date last seen Price effective from Koha item type
        Biblioteca Prof. Eusebio Cleto del Rey Biblioteca Prof. Eusebio Cleto del Rey   07/04/2026   338.45 K11 L58588 07/04/2026 07/04/2026 Libro